|
|
|
|
| LEADER |
00000nam0a2200000 4500 |
| 001 |
372814 |
| 005 |
20231102012517.0 |
| 035 |
|
|
|a (RuTPU)RU\TPU\retro\30239
|
| 035 |
|
|
|a RU\TPU\book\255746
|
| 090 |
|
|
|a 372814
|
| 100 |
|
|
|a 20221215d1926 km y0rusy50 ca
|
| 101 |
1 |
|
|a rus
|c fre
|
| 102 |
|
|
|a RU
|
| 105 |
|
|
|a a z 001zy
|
| 200 |
1 |
|
|a Белый уголь
|e пер. с фр.
|f А. Кавалье
|
| 210 |
|
|
|a Москва
|a Ленинград
|c Издание Центрального управления Печати ВСНХ СССР
|d 1926
|
| 215 |
|
|
|a 198 с.
|c ил.
|
| 320 |
|
|
|a Библиогр.: с. 196.
|
| 606 |
1 |
|
|a Уголь
|x Использование комплексное
|2 stltpush
|3 (RuTPU)RU\TPU\subj\33144
|9 55467
|
| 610 |
1 |
|
|a белый уголь
|
| 610 |
1 |
|
|a электростанции
|
| 610 |
1 |
|
|a Франция
|
| 610 |
1 |
|
|a добыча
|
| 610 |
1 |
|
|a СССР
|
| 675 |
|
|
|a 662.66
|v 3
|
| 700 |
|
1 |
|a Кавалье
|b А.
|g Анри
|
| 801 |
|
1 |
|a RU
|b 63413507
|c 20130327
|
| 801 |
|
2 |
|a RU
|b 63413507
|c 20221215
|g RCR
|
| 942 |
|
|
|c BK
|